000 01471nam a22002777a 4500
005 20080617151414.0
010 _aENG-90360 B-423849-850
020 _c695.00
_a9780415446044
035 _aEN-73893
035 _a B-423849-850
037 _bDBAD / PUB
037 _bAllied Publishers
082 _a346.5416016
100 _aMody, Perveez
_932331
245 _aThe intimate state:
_cby Perveez Modi
_blove-marriage and the law in Delhi /
260 _aNew Delhi
_bRoutledge
_c2008
270 _a912-915, Tolstoy House,
_bNew Delhi
_e110001
300 _axx, 308p.
_c23 cm (Hb)
490 _aCritcal Asian studies / eidited by Veena Das
_932332
500 _aIncludes bibliographical references & index
942 _cEN
_h346.5416016
_2ddc
_mMOD
999 _c13752
_d13752